| 000 | 01305am a2200445a 44500 | ||
|---|---|---|---|
| 003 | AR-BaBNM | ||
| 005 | 20251128204915.0 | ||
| 008 | 166019s1995 #AR|||||||||||000 | spa|| | ||
| 020 | _a84-277-1010-0 | ||
| 040 | _cAR-BaBNM | ||
| 100 | 1 | _aRamírez Cabañas, Jesús | |
| 245 | 1 | 0 |
_aGuía práctica del profesor-tutor _ben educación primaria y secundaria |
| 250 | _a2ª ed. | ||
| 260 |
_aMadrid _bNarcea _c1995 |
||
| 300 |
_a103 p. _btablas, diagr.,gráfs. |
||
| 490 | 0 | _aEducación hoy | |
| 500 | _aLOGSE: Ley de Ordenación General del Sistema Educativo | ||
| 504 | _aBibliografía: p. 103 | ||
| 650 | 4 | _aPROFESORES-TUTORES | |
| 650 | 4 | _aFUNCIONES DE LA ORIENTACION | |
| 650 | 4 | _aACTIVIDADES DE LA CLASE | |
| 650 | 4 | _aRELACION ALUMNO-DOCENTE | |
| 650 | 4 | _aRELACION PADRES-DOCENTE | |
| 650 | 4 | _aENTREVISTAS | |
| 650 | 4 | _aACTIVIDADES EN GRUPO | |
| 650 | 4 | _aJUEGOS EDUCATIVOS | |
| 650 | 4 | _aMETODOS DE ESTUDIO | |
| 650 | 4 | _aTECNICAS DE ENSEÑANZA | |
| 650 | 4 | _aTECNICAS SOCIOMETRICAS | |
| 650 | 4 | _aTECNICAS DIDACTICAS | |
| 650 | 4 | _aREGISTROS | |
| 650 | 4 | _aENCUESTAS | |
| 650 | 4 | _aEVALUACION DEL ALUMNO | |
| 650 | 4 | _aCRITERIOS DE EVALUACION | |
| 651 | 4 | _aEspaña | |
| 653 | _aORIENTACION EDUCATIVA | ||
| 700 | 1 | _aGago Matías, Luis | |
| 942 | _cBK | ||
| 998 | _cSILVI | ||
| 999 |
_c9282 _d9282 |
||